00454cam a2200169ua 45000010005000000080039000050400009000440820011000531000023000642450050000872500009001372600055001463000017002016530017002186530029002357000020002644169111219n ii |||gr||||Z||||||asm cMAIN a495.411 aGohain, Ngipethon,11aTai bhasar kathopakathancby Ngipethon Gohain a1st. aDibrugarh:bCentre for studies in language,c2011. a104p:c23cm. aTai language aTai bhasar kathopakathan1 aGohain, Amchon,